000
00225nam a22000857a 4500
008
161116b xxu||||| |||| 00| 0 eng d
100
_9
1229
_a
Arora.S.C.
245
_a
New Physics-XII
260
_a
New Delhi
_b
Dhanpat Publications
_c
2012
999
_c
3921
_d
3921